[Event "ch-NR"]
[Site "Novosibirsk RUS"]
[Date "2001.11.21"]
[Round "9"]
[White "Yudin,S"]
[Black "Kazakov,P"]
[Result "1/2-1/2"]
[WhiteElo "2337"]
[BlackElo "2329"]

1.e4 d6 2.d4 g6 3.Nc3 Bg7 4.g3 Nd7 5.Bg2 e5 6.Nge2 Ngf6 7.O-O O-O 8.h3 exd4
9.Nxd4 Re8 10.Re1 Nc5 11.Bf4 Ne6 12.Nxe6 Bxe6 13.Qd2 Qd7 14.Kh2 Rab8 15.a4 a6
16.a5 Nh5 17.Be3 Bc4 18.Rad1 Bb5 19.f4 Rbd8 20.g4 Nf6 21.Bd4 Bc6 22.Qf2 Qe7
23.Nd5 Bxd5 24.exd5 Nxg4+ 25.hxg4 Bxd4 26.Rxe7 Bxf2 27.Rxc7 Rc8 28.Rxc8 Rxc8
29.c3 Rc4 30.Bf3 Rxf4 31.Kg2 Bh4 32.b3 Bf6 33.c4 Rd4 34.Rb1 Rd2+ 35.Kf1 Rb2
36.Rxb2 Bxb2 37.c5 dxc5 38.d6 Bc3 39.Bxb7 Bxa5 40.Bxa6 Kg7 41.Ke2 Kf6 42.Kf3 Ke6
43.Bc4+  1/2-1/2

[Event "American Open"]
[Site "Los Angeles USA"]
[Date "2001.11.22"]
[Round "2"]
[White "Smith,V"]
[Black "Kerman,D"]
[Result "1/2-1/2"]
[WhiteElo "2020"]
[BlackElo "2215"]

1.e4 d6 2.d4 g6 3.Nc3 Bg7 4.Be3 c6 5.Bc4 Nf6 6.Bb3 O-O 7.f3 Nbd7 8.Qd2 b5
9.h4 h5 10.Bh6 Nb6 11.Bxg7 Kxg7 12.Qe2 a5 13.e5 Ng8 14.a3 Nh6 15.Qf2 Qc7
16.Nge2 d5 17.Nf4 a4 18.Ba2 Bf5 19.Nce2 Rfd8 20.c3 Nc4 21.Ng3 c5 22.Nxf5+ Nxf5
23.g4 cxd4 24.cxd4 Qa5+ 25.Kf1 Nce3+ 26.Kg1 hxg4 27.fxg4 Nxg4 28.Qf3 Nge3
29.Nxd5 Nxd5 30.Bxd5 Rac8 31.Rh2 b4 32.Bxf7 Kxf7 33.h5 Qd5 34.hxg6+ Ke6 35.Qh5 Qxd4+
36.Rf2 Qe4 37.g7 bxa3 38.Qg6+ Kd7 39.bxa3 Qxe5 40.Qxf5+ Qxf5 41.Rxf5 Rg8
42.Rg5 Rc6 43.Rg4 Rh6 44.Rd1+ Ke6 45.Rdd4  1/2-1/2

[Event "Open A"]
[Site "Genova ITA"]
[Date "2001.11.24"]
[Round "7"]
[White "Isonzo,D"]
[Black "Lazic,Mi"]
[Result "0-1"]
[WhiteElo "2343"]
[BlackElo "2449"]

1.e4 g6 2.d4 Bg7 3.Nc3 d6 4.f4 Nc6 5.Be3 Nf6 6.d5 Nb8 7.Nf3 c6 8.Be2 cxd5
9.exd5 Bg4 10.O-O O-O 11.Ng5 Bxe2 12.Qxe2 Nbd7 13.Rae1 Nb6 14.Rd1 Rc8 15.Bd4 Rc4
16.f5 Qc8 17.Kh1 h6 18.Bxf6 Bxf6 19.Nge4 Be5 20.fxg6 fxg6 21.Rxf8+ Kxf8 22.Rf1+ Kg7
23.Qf3 Qg8 24.b3 Rc8 25.a4 Nxd5 26.Nb5 a6 27.Na3 Rf8 28.Qe2 Rxf1+ 29.Qxf1 Qf7
30.Qd3 Qf4 31.g3 Qc1+ 32.Kg2 Ne3+ 33.Kh3 d5 34.Nc5 Qg1 35.Qe2 g5 36.Nxb7 h5
37.Nc5 Bf6 38.Ne6+ Kg6 39.Nxg5 Kxg5 40.Nb1 Ng4 41.Nd2 Nf2+  0-1

[Event "ch-Balkan"]
[Site "Istanbul TUR"]
[Date "2001.11.24"]
[Round "7"]
[White "Haznedaroglu,K"]
[Black "Spasov,V"]
[Result "0-1"]
[WhiteElo "2328"]
[BlackElo "2569"]

1.e4 d6 2.d4 g6 3.Nc3 Bg7 4.Nge2 a6 5.Be3 b5 6.Qd2 Nd7 7.f3 c5 8.g4 Bb7 9.Ng3 Rc8
10.Be2 e6 11.d5 b4 12.dxe6 fxe6 13.Nd1 d5 14.exd5 exd5 15.O-O Ne7 16.a3 a5
17.axb4 axb4 18.Ba6 Ra8 19.Bxb7 Rxa1 20.Bxd5 Ne5 21.Bb7 Qxd2 22.Bxd2 Nc4
23.Bg5 Nxb2 24.Nxb2 Bxb2 25.Rxa1 Bxa1 26.Ne4 Bd4+ 27.Kf1 Kd7 28.Ke2 Rb8 29.Ba6 Nd5
30.Nd2 Kc6 31.Kd3 Ra8 32.Bc4 Ra1 33.Ne4 Rd1+ 34.Ke2 Rh1 35.h4 Be5 36.Bb3 Rh2+
37.Kd1 Bd4 38.Ba4+ Kb6 39.Bd8+ Ka7 40.Kc1 Bc3 41.Kb1 Rh1+ 42.Ka2 c4 43.Nxc3 Nxc3+  0-1

[Event "ch-ROM"]
[Site "Targoviste ROM"]
[Date "2001.11.26"]
[Round "3"]
[White "Itkis,B"]
[Black "Manolache,M"]
[Result "1-0"]
[WhiteElo "2472"]
[BlackElo "2394"]

1.e4 d6 2.d4 g6 3.Nc3 Bg7 4.Nf3 Nf6 5.Be2 O-O 6.O-O c6 7.Bf4 b5 8.e5 Ne8
9.Ne4 Bf5 10.Ng3 Be6 11.Qd2 dxe5 12.Nxe5 Nd6 13.a4 f6 14.Nf3 Nc4 15.Qc1 bxa4
16.Rxa4 Nb6 17.Ra1 Qe8 18.Re1 Qf7 19.Ne4 Bd5 20.Nc5 N8d7 21.Nxd7 Nxd7 22.c4 Be6
23.h3 Nb6 24.b3 Bd7 25.Ra5 g5 26.Bg3 Kh8 27.Bd3 Rg8 28.Qe3 Bf8 29.Bf5 e5
30.Bxd7 Qxd7 31.dxe5 Bb4 32.e6 Qe7 33.Rf5 Bxe1 34.Qxe1 Rg6 35.Nd4 Re8 36.Rf3 Qc5
37.Nf5 Nc8 38.Qe4 a5 39.e7 Rxe7 40.Nxe7 Nxe7 41.Qe6 Ng8 42.Rd3 Qb6 43.Kh2 Rg7
44.Qe8 Qb7 45.Rd6 Rf7 46.Rd8 Rg7 47.Bd6 Qxb3 48.Bf8 Rg6 49.Qf7 g4 50.Bd6 g3+
51.Bxg3 Qc2 52.Rxg8+ Rxg8 53.Qxf6+ Rg7 54.Qf8+ Rg8 55.Be5+  1-0

[Event "ch-ROM w"]
[Site "Targoviste ROM"]
[Date "2001.11.28"]
[Round "5"]
[White "Ionescu Brandis,I"]
[Black "Bogza,O"]
[Result "1-0"]
[WhiteElo "2338"]
[BlackElo "2143"]

1.e4 d6 2.d4 g6 3.Nc3 Bg7 4.Bg5 h6 5.Bh4 a6 6.f4 b5 7.a4 b4 8.Nd5 Bb7 9.Bc4 Nf6
10.Nf3 Nbd7 11.Nxf6+ Nxf6 12.e5 Nd5 13.Qd2 c5 14.dxc5 dxc5 15.O-O-O Nb6 16.Qxd8+ Rxd8
17.Rxd8+ Kxd8 18.Bxf7 g5 19.fxg5 Bxf3 20.gxf3 Bxe5 21.g6 Nxa4 22.Bb3 Nb6
23.Re1 Bf4+ 24.Kb1 c4 25.Rxe7 Kc8 26.Rf7 Bd6 27.Bg3 Rg8 28.g7  1-0

[Event "ch-ROM w"]
[Site "Targoviste ROM"]
[Date "2001.11.30"]
[Round "7"]
[White "Sasu Ducsoara,An"]
[Black "Bogza,O"]
[Result "0-1"]
[WhiteElo "2240"]
[BlackElo "2143"]

1.e4 d6 2.d4 g6 3.Nc3 Bg7 4.Be3 Nf6 5.f3 c6 6.Qd2 Qa5 7.Nge2 b5 8.g3 b4 9.Nd1 Nbd7
10.b3 Ba6 11.a4 O-O 12.Nb2 c5 13.Nc1 Bxf1 14.Rxf1 Qc7 15.Ne2 Rfc8 16.O-O-O d5
17.e5 cxd4 18.Nxd4 Nxe5 19.Qxb4 Rab8 20.Qd2 a6 21.Rde1 Ned7 22.Kb1 e5 23.Ne2 d4
24.Nxd4 exd4 25.Bf4 Qc5 26.Bxb8 Rxb8 27.Nd3 Qa3 28.Qa5 Qd6 29.Ne5 Nb6 30.Qxa6 Nfd5
31.Nc4 Nxc4 32.Qxc4 Ne3 33.Qd3 Nxf1 34.Rxf1 Qb4 35.Kc1 Bh6+ 36.f4 Qa3+ 37.Kd1 Rd8
38.h4 Bf8 39.f5 Qd6 40.fxg6 hxg6 41.Rf4 Bg7 42.Rf3 Re8 43.Qc4 Qe7 44.Qf1 Bh6
45.c4 Qa3  0-1

[Event "ch-ROM"]
[Site "Targoviste ROM"]
[Date "2001.12.02"]
[Round "8"]
[White "Berescu,A"]
[Black "Badea,B"]
[Result "1/2-1/2"]
[WhiteElo "2422"]
[BlackElo "2530"]

1.e4 g6 2.d4 Bg7 3.Nc3 d6 4.f4 Nf6 5.Nf3 c5 6.Bb5+ Bd7 7.e5 Ng4 8.e6 Bxb5
9.exf7+ Kd7 10.Nxb5 Qa5+ 11.Nc3 cxd4 12.Nxd4 h5 13.h3 Nc6  1/2-1/2

[Event "ch-ROM w"]
[Site "Targoviste ROM"]
[Date "2001.12.03"]
[Round "9"]
[White "Mosnegutu,M"]
[Black "Bogza,O"]
[Result "1-0"]
[WhiteElo "2230"]
[BlackElo "2143"]

1.e4 d6 2.d4 g6 3.Nc3 Bg7 4.Be3 Nf6 5.f3 c6 6.Qd2 Qa5 7.Bc4 b5 8.Bb3 b4 9.Nd1 Nbd7
10.Nf2 c5 11.Ne2 Ba6 12.a3 Rb8 13.O-O Qb5 14.Rfe1 c4 15.Ba2 bxa3 16.bxa3 O-O
17.Nc3 Qb7 18.a4 e6 19.Rab1 Qc7 20.Nb5 Bxb5 21.axb5 Nb6 22.c3 Rfe8 23.Bg5 Rb7
24.Rb4 e5 25.d5 Nfd7 26.g4 Rc8 27.Kh1 Nc5 28.Be3 Qb8 29.Reb1 Qc7 30.g5 Rcb8
31.Qe2 Rc8 32.Qd2 Rcb8 33.Rg1 Ncd7 34.Ng4 f6 35.gxf6 Nxf6 36.Nxf6+ Bxf6 37.Qg2 Bg7
38.Qg4 Re8 39.h4 Kh8 40.h5 gxh5 41.Qxh5 Rf8 42.Rg3 Qf7 43.Qh3 Rc7 44.Qg4 Bf6
45.Bb1 Rg8 46.Qxg8+ Qxg8 47.Rxg8+ Kxg8 48.Bc2 Kf7 49.Bd1 Bh4 50.Rb1 Bf6 51.Ra1 Bd8
52.Be2 Rb7 53.Kg2 Rc7 54.f4 Bf6 55.f5 Nc8 56.Ra6 Bd8 57.Rc6 Rxc6 58.dxc6 Nb6
59.Kh3 Kg7 60.Kg4 Bc7 61.Bg5 Kf7 62.Kh5 Kg7 63.f6+ Kf7 64.Kh6 Bd8 65.Bh5+ Ke6
66.Kg7  1-0

[Event "Open"]
[Site "Rijeka CRO"]
[Date "2001.12.04"]
[Round "4"]
[White "Kutuzovic,B"]
[Black "Loncar,R"]
[Result "1/2-1/2"]
[WhiteElo "2405"]
[BlackElo "2458"]

1.e4 g6 2.d4 d6 3.Nc3 Bg7 4.Be3 a6 5.Qd2 b5 6.h4 h5 7.f3 c6 8.a4 b4 9.Nd1 a5
10.c3 bxc3 11.bxc3 Nf6 12.Nf2 Nbd7 13.Ngh3 Rb8 14.Bd3 e5 15.Ng5 O-O 16.f4 exd4
17.cxd4 c5 18.O-O cxd4 19.Bxd4 Nc5 20.Bc2 Rb4 21.Bc3 Rc4 22.Rac1 Rxc3 23.Qxc3 Nfxe4
24.Qe3 Nxg5 25.hxg5 Re8 26.Qd2 Ne6 27.Rfe1 Nd4 28.Rcd1 Bf5 29.Bxf5 Nxf5 30.Ne4 Re6
31.Nf6+ Bxf6 32.gxf6 Rxf6 33.Rb1 Nh6 34.Rb5 Rf5 35.Reb1 Rxb5 36.Rxb5 Qh4
37.Qf2 Qe7 38.Kf1 Ng4 39.Qb2 Kh7 40.Rb7 Qe6 41.Qb3 d5 42.Qb6 Qf5 43.Qd4 g5
44.Rb8 Nf6 45.Qe5 Qd3+ 46.Ke1 Qg3+ 47.Kd1 Qd3+ 48.Ke1 Qg3+ 49.Kf1 Qd3+ 50.Ke1 Qg3+  1/2-1/2

[Event "ch-ROM"]
[Site "Targoviste ROM"]
[Date "2001.12.06"]
[Round "12"]
[White "Itkis,B"]
[Black "Badea,B"]
[Result "1/2-1/2"]
[WhiteElo "2472"]
[BlackElo "2530"]

1.e4 g6 2.d4 Bg7 3.Nc3 d6 4.Nf3 c6 5.Be2 Nf6 6.O-O O-O 7.Bf4 Nbd7 8.a4 Re8
9.Qd2 Qc7 10.Bh6 e5 11.Bxg7 Kxg7 12.a5 Nf8 13.h3 Bd7 14.Rfd1 b5 15.axb6 axb6
16.Rxa8 Rxa8  1/2-1/2

[Event "FSIMA December"]
[Site "Budapest HUN"]
[Date "2001.12.07"]
[Round "7"]
[White "Rajlich,V"]
[Black "Resika,N"]
[Result "0-1"]
[WhiteElo "2257"]
[BlackElo "2182"]

1.e4 g6 2.d4 Bg7 3.Nc3 d6 4.f4 Nf6 5.Nf3 O-O 6.Bd3 Na6 7.O-O c5 8.d5 Rb8
9.Qe2 Nc7 10.a4 a6 11.a5 Bg4 12.h3 Bxf3 13.Qxf3 e6 14.Bc4 exd5 15.exd5 Nd7
16.b3 Re8 17.Bb2 Bd4+ 18.Kh2 Re3 19.Qxe3 Bxe3 20.Ne2 b5 21.axb6 Nxb6 22.Bxa6 Nxa6
23.Rxa6 Ra8 24.Rxa8 Qxa8 25.Rf3 Nxd5 26.c4 Qa2 27.cxd5 Qxb2 28.Rxe3 Qd2 29.Re8+ Kg7
30.g4 Qxd5 31.g5 Qc6 32.Re3 d5 33.Re5 d4 34.Kg3 d3 35.Nc3 Qh1 36.Re3 d2 37.Rd3 Qc1
38.Kg2 Qc2  0-1

[Event "Open"]
[Site "Rijeka CRO"]
[Date "2001.12.07"]
[Round "7"]
[White "Yemelin,V"]
[Black "Loncar,R"]
[Result "1-0"]
[WhiteElo "2490"]
[BlackElo "2458"]

1.e4 g6 2.d4 Bg7 3.Nc3 d6 4.f4 Nf6 5.Nf3 O-O 6.Bd3 Bg4 7.O-O Nc6 8.e5 Nh5
9.d5 Nb4 10.Be2 dxe5 11.fxe5 c6 12.Ng5 Bxe2 13.Qxe2 Bh6 14.g4 Ng7 15.d6 Nd5
16.Nxd5 cxd5 17.Qf2 exd6 18.Nxf7 Bxc1 19.Raxc1 Qe7 20.Nh6+ Kh8 21.exd6 Qxd6
22.Nf7+ Rxf7 23.Qxf7 h6 24.Rce1 Qc5+ 25.Rf2 Qb4 26.c3 Qxg4+ 27.Rg2 Qf5  1-0

[Event "TCh-BEL 2001-2"]
[Site "Belgium BEL"]
[Date "2001.12.09"]
[Round "4"]
[White "Glek,I"]
[Black "Cekro,E"]
[Result "1-0"]
[WhiteElo "2590"]
[BlackElo "2419"]

1.e4 g6 2.d4 Bg7 3.Nc3 d6 4.f4 c6 5.Nf3 Bg4 6.Be3 Qb6 7.Qd2 Bxf3 8.gxf3 Qa5
9.O-O-O Nd7 10.Kb1 b5 11.h4 Nb6 12.h5 b4 13.Ne2 Nc4 14.Qd3 Nxe3 15.Qxe3 Qb6
16.hxg6 hxg6 17.Rxh8 Bxh8 18.f5 gxf5 19.Qg5 Kf8 20.Bh3 Bf6 21.Qg3 e5 22.Bxf5 Ne7
23.Qh3 exd4 24.f4 Nxf5 25.Qxf5 Bg7 26.Qg4 Re8 27.Rg1 Bf6 28.Ng3 d3 29.Nf5 dxc2+
30.Kc1  1-0

[Event "FSGMA December"]
[Site "Budapest HUN"]
[Date "2001.12.09"]
[Round "9"]
[White "Antal,Ge"]
[Black "Bokros,A"]
[Result "1-0"]
[WhiteElo "2426"]
[BlackElo "2429"]

1.e4 g6 2.d4 Bg7 3.Nc3 d6 4.f4 Nc6 5.Be3 Nf6 6.Be2 e5 7.dxe5 dxe5 8.Qxd8+ Nxd8
9.fxe5 Nd7 10.Nd5 Ne6 11.Bg4 Bxe5 12.Nf3 Bd6 13.O-O-O c6 14.Bxe6 fxe6 15.Nf4 Ke7
16.Nxg6+ hxg6 17.Bg5+ Kf7 18.Rxd6 Nf6 19.Rf1  1-0

[Event "FSIMA December"]
[Site "Budapest HUN"]
[Date "2001.12.09"]
[Round "9"]
[White "Varadi,V"]
[Black "Resika,N"]
[Result "0-1"]
[WhiteElo "2248"]
[BlackElo "2182"]

1.e4 d6 2.d4 g6 3.Nc3 Bg7 4.f4 Nc6 5.Nf3 Bg4 6.Be3 Bxf3 7.gxf3 d5 8.Qd2 e6
9.O-O-O Nf6 10.h4 Qd7 11.Bh3 Ne7 12.Rhg1 O-O-O 13.Qd3 Rhg8 14.Kb1 Kb8 15.Rg2 Bh8
16.Rdg1 Rge8 17.a3 Nh5 18.Rd1 Nf6 19.Rg5 h6 20.Rg2 h5 21.Rg5 Nh7 22.Rg2 Bf6
23.Bf2 Bh8 24.Qf1 Qc6 25.Rg1 Nf6 26.Qe2 a6 27.Rge1 Nd7 28.Na2 Nb6 29.Nb4 Qc4
30.Qe3 Qb5 31.b3 a5 32.Bf1 Nc4 33.bxc4 dxc4 34.Qc3 axb4 35.axb4 c5 36.Bxc4 Qb6
37.Qb3 Bxd4 38.Bxd4 cxd4 39.b5 Rc8 40.Rd2 Qc5 41.Bf1 Rc7 42.Red1 Rd8 43.Qa4 Rcd7
44.c3 d3 45.Rxd3 Rxd3 46.Rxd3 Rxd3 47.Bxd3 Qxc3 48.Bc2 Kc7 49.f5 gxf5 50.exf5 Nd5
51.Qb3 Qe1+ 52.Ka2 Qa5+ 53.Kb2 Kb6 54.fxe6 fxe6 55.Bg6 Qd2+ 56.Bc2 Qd4+ 57.Kc1 Qxh4
58.Be4 Qe1+ 59.Kc2 Qe2+ 60.Kc1 Qe1+ 61.Kc2 Qe2+ 62.Kc1 Qxb5 63.Qd1 Qc4+ 64.Kb2 Qb4+
65.Kc1 Qa3+ 66.Kd2 Qe3+ 67.Kc2 Qxe4+  0-1

[Event "FSIMA December"]
[Site "Budapest HUN"]
[Date "2001.12.11"]
[Round "11"]
[White "Galyas,M"]
[Black "Meszaros,T"]
[Result "1/2-1/2"]
[WhiteElo "2347"]
[BlackElo "2364"]

1.e4 d6 2.d4 g6 3.Nc3 Bg7 4.Nf3 Nf6 5.Be2 O-O 6.O-O c6 7.h3 b5 8.a3 Bb7 9.Be3 Nbd7
10.Nd2 a5 11.Bf3 Qc7 12.Re1 e5 13.Ne2 exd4 14.Nxd4 Rae8 15.c3 Re7 16.Qc2 Rfe8
17.b4 Ne5 18.Be2  1/2-1/2

[Event "FSIMA December"]
[Site "Budapest HUN"]
[Date "2001.12.11"]
[Round "11"]
[White "Berczes,C"]
[Black "Resika,N"]
[Result "0-1"]
[WhiteElo "2216"]
[BlackElo "2182"]

1.e4 d6 2.d4 g6 3.Nc3 Bg7 4.Bg5 Nd7 5.Qd2 c5 6.d5 a6 7.a4 Qb6 8.Nge2 Ngf6
9.a5 Qxb2 10.Ra2 Qb4 11.f3 b5 12.h4 h5 13.Kf2 Ne5 14.Kg3 Nh7 15.Bh6 Nc4 16.Bxg7 Nxd2
17.Bxh8 Nxf1+ 18.Rxf1 Qc4 19.Kf2 b4 20.Rb1 f6 21.Rb3 bxc3 22.Bg7 Bd7 23.Bh6 Bb5
24.Ng3 g5 25.Nf5 Qf1+ 26.Kg3 Bd7 27.Ng7+ Kf7 28.Rb7 Qe1+ 29.Kh2 Qxh4+ 30.Kg1 Qe1+
31.Kh2 Bc8 32.Rc7 Rb8  0-1

[Event "Friendship IM"]
[Site "Prerove CZE"]
[Date "2001.12.11"]
[Round "8"]
[White "Novosak,J"]
[Black "Molnar,Be"]
[Result "1-0"]
[WhiteElo "2296"]
[BlackElo "2363"]

1.e4 g6 2.d4 Bg7 3.Nc3 d6 4.f4 Nf6 5.Nf3 c5 6.Be3 cxd4 7.Nxd4 O-O 8.Be2 Nc6
9.Nb3 Be6 10.Bf3 Bc4 11.Qd2 a5 12.a4 Rc8 13.O-O-O Qc7 14.Kb1 Nb4 15.Bd4 Nc6
16.Be3 Nb4 17.Bd4 e5 18.fxe5 dxe5 19.Be3 Rfd8 20.Qf2 Bxb3 21.cxb3 Qc6 22.Rd2 Qe6
23.Rxd8+ Rxd8 24.Rd1 Rc8 25.Rd2 Qxb3 26.Bd1 Qe6 27.Bc2 Ng4 28.Qe2 h5 29.Nd5 Nxe3
30.Qxe3 Kh7 31.Nxb4 Bh6 32.Qf3 Bxd2 33.Bb3 Qe7 34.Nd5 Qe6 35.Nf6+  1-0

[Event "FSIMA December"]
[Site "Budapest HUN"]
[Date "2001.12.13"]
[Round "13"]
[White "Musanti,D"]
[Black "Resika,N"]
[Result "1/2-1/2"]
[WhiteElo "2293"]
[BlackElo "2182"]

1.e4 d6 2.d4 g6 3.Nc3 Bg7 4.f4 Nc6 5.d5 Nd4 6.Be3 c5 7.dxc6 Nxc6 8.Bd3 Qa5
9.Qd2 Nf6 10.h3 Bd7 11.Nf3 Rc8 12.O-O O-O 13.Rad1 Rfd8  1/2-1/2

[Event "TCh-CZE 2001-2"]
[Site "CZE"]
[Date "2001.12.15"]
[Round "4"]
[White "Vesselovsky,S"]
[Black "Chytilek,R"]
[Result "1-0"]
[WhiteElo "2419"]
[BlackElo "2386"]

1.e4 d6 2.d4 g6 3.Nc3 Bg7 4.Be3 a6 5.Qd2 b5 6.a4 b4 7.Nd1 a5 8.c3 Nf6 9.f3 bxc3
10.bxc3 Nbd7 11.Bb5 Bb7 12.Ne2 c6 13.Bd3 Qc7 14.Bh6 O-O 15.Bxg7 Kxg7 16.O-O e5
17.f4 Rfe8 18.fxe5 dxe5 19.Ng3 Ng8 20.Ne3 Ndf6 21.Nc4 Rad8 22.Qg5 h6 23.Nf5+ Kh7
24.Nxh6 Nxh6 25.Rxf6 exd4 26.e5 Rg8 27.Rf4 Rh8 28.Raf1 Rdg8 29.Nd6 f5 30.Rh4  1-0

[Event "TCh-CZE 2001-2"]
[Site "CZE"]
[Date "2001.12.16"]
[Round "5"]
[White "Sosna,J"]
[Black "Nedela,V"]
[Result "1/2-1/2"]
[WhiteElo "2415"]
[BlackElo "2380"]

1.e4 g6 2.d4 Bg7 3.Nc3 d6 4.Bc4 e6 5.Nf3 Ne7 6.Bg5 h6 7.Bf4 a6 8.O-O O-O
9.Qd2 Kh7 10.Rfe1 b6 11.h4 Nbc6 12.Rad1 b5 13.Bf1 Nxd4 14.Nxd4 e5 15.Be3 exd4
16.Bxd4 Bxd4 17.Qxd4 Nc6 18.Qd5 Bb7 19.h5 Rb8 20.Qd2 Ne5 21.Qf4 Kg7 22.Re3 Qg5
23.Qxg5 hxg5 24.hxg6 Kxg6 25.g3 g4 26.Nd5 Bxd5 27.exd5 f5 28.Bg2 f4 29.gxf4 Rxf4
30.Rc3 Rbf8 31.Rxc7 Nf3+ 32.Kf1 Nh2+ 33.Kg1 Nf3+ 34.Kf1 Nh2+  1/2-1/2

[Event "Christmas Open"]
[Site "Zadar CRO"]
[Date "2001.12.16"]
[Round "2"]
[White "Rosandic,D"]
[Black "Loncar,R"]
[Result "0-1"]
[WhiteElo "2248"]
[BlackElo "2458"]

1.e4 g6 2.d4 Bg7 3.Nc3 d6 4.Be3 c6 5.Qd2 Nd7 6.Bd3 Ngf6 7.f3 e5 8.dxe5 Nxe5
9.Be2 O-O 10.O-O-O d5 11.f4 Neg4 12.Bc5 Re8 13.e5 Nd7 14.Bd4 c5 15.Bxg4 cxd4
16.Bxd7 dxc3 17.Qxd5 Bxd7 18.Qxd7 Qb6 19.bxc3 Rad8 20.Qg4 Bf8 21.Rd3 Rxd3
22.cxd3 Ba3+ 23.Kd2 Qb2+ 24.Ke1 Qxc3+ 25.Kf2 Bc5+ 26.Kg3 Qe1+ 27.Kh3 Bxg1
28.g3 Qf1+  0-1

[Event "Christmas Open"]
[Site "Zadar CRO"]
[Date "2001.12.16"]
[Round "2"]
[White "Fercec,N"]
[Black "Kljako,D"]
[Result "0-1"]
[WhiteElo "2458"]
[BlackElo "2270"]

1.e4 g6 2.d4 Bg7 3.Nc3 d6 4.Be3 c6 5.Qd2 b5 6.Bd3 Nd7 7.Nf3 Bb7 8.O-O Qc7
9.a4 b4 10.Ne2 a5 11.c3 bxc3 12.Nxc3 Ngf6 13.Rac1 Ng4 14.Bg5 Qb6 15.h3 h6
16.Bh4 g5 17.Bg3 Ngf6 18.e5 dxe5 19.dxe5 Nh5 20.Bh2 Rd8 21.Qe2 Nc5 22.Bc4 Ba6
23.Rfd1 Rxd1+ 24.Rxd1 Nf4 25.Bxf4 gxf4 26.Bxa6 Qxa6 27.Qd2 O-O 28.Qxf4 Nd3
29.Qg3 Kh8 30.Rd2 Rg8 31.Qh4 c5 32.Qxe7 Qc4 33.Re2 Nxb2 34.Re3 Nd3 35.Ne4 Qc1+
36.Kh2 Nxf2 37.Re1 Qf4+ 38.Ng3 Nd3 39.Rd1 Nxe5 40.Qd6 Nxf3+  0-1

[Event "Christmas Open"]
[Site "Zadar CRO"]
[Date "2001.12.22"]
[Round "8"]
[White "Rosandic,D"]
[Black "Delchev,A"]
[Result "0-1"]
[WhiteElo "2248"]
[BlackElo "2634"]

1.e4 g6 2.d4 Bg7 3.Nc3 d6 4.Be3 a6 5.f4 b5 6.Be2 b4 7.Nb1 Bb7 8.Bf3 Nf6 9.Qd3 Nbd7
10.Ne2 O-O 11.O-O e5 12.Ng3 a5 13.Re1 Nb6 14.c4 Nfd7 15.fxe5 c5 16.e6 cxd4
17.Bxd4 Ne5 18.exf7+ Rxf7 19.Bxe5 Bxe5 20.Qc2 a4 21.Nd2 a3 22.Rab1 axb2 23.Rxb2 Bxb2
24.Qxb2 Nd7 25.Bg4 Nc5 26.Qd4 Qg5 27.Bh3 Rxa2 28.Nf3 Qf4  0-1

[Event "22nd Open"]
[Site "Bethune FRA"]
[Date "2001.12.28"]
[Round "5"]
[White "Eliet,N"]
[Black "Shchekachev,A"]
[Result "0-1"]
[WhiteElo "2382"]
[BlackElo "2580"]

1.d4 d6 2.e4 g6 3.Nc3 Bg7 4.Be3 c6 5.f4 b5 6.Nf3 Nd7 7.d5 b4 8.dxc6 bxc3
9.cxd7+ Qxd7 10.Bd4 Nf6 11.Bxc3 O-O 12.Bd3 Bb7 13.Qe2 Nh5 14.Bxg7 Nxf4 15.Bxf8 Nxe2
16.Bh6 Qg4 17.Bxe2 Qxg2 18.Rf1 Bxe4 19.Rf2 Qh3 20.Bd2 f6 21.Bc3 Rc8 22.O-O-O Qh6+
23.Kb1 Qe3 24.Rdf1 Rxc3 25.bxc3 Qxc3 26.Ne1 a5 27.Bf3 d5  0-1

[Event "10th Open"]
[Site "Aschach AUT"]
[Date "2001.12.29"]
[Round "5"]
[White "Sucher,J"]
[Black "Hainzinger,J"]
[Result "1-0"]
[WhiteElo "2234"]
[BlackElo "2037"]

1.d4 g6 2.e4 Bg7 3.Nc3 d6 4.Bg5 c5 5.d5 a6 6.f4 b5 7.Qd2 Nd7 8.Nf3 Qc7 9.Nd1 Nb6
10.Be2 Nf6 11.Nf2 Ng4 12.O-O Nxf2 13.Rxf2 Bxb2 14.Raf1 Bg7 15.f5 O-O 16.Bh6 Nd7
17.Qg5 Nf6 18.fxg6 hxg6 19.Bxg7 Kxg7 20.Nh4 Kg8 21.Nxg6 fxg6 22.Qxg6+ Kh8
23.Rf4 e5 24.Rh4+ Nh7 25.Rxf8+  1-0

[Event "Australian Open"]
[Site "Canberra AUS"]
[Date "2001.12.30"]
[Round "3"]
[White "Levi,E"]
[Black "Djuric,S"]
[Result "0-1"]
[WhiteElo "2258"]
[BlackElo "2472"]

1.e4 g6 2.d4 Bg7 3.Nc3 d6 4.Be3 Nf6 5.Qd2 Ng4 6.Bg5 h6 7.Bh4 Nc6 8.f3 Nf6
9.f4 Nh7 10.Bf2 O-O 11.O-O-O e5 12.d5 Nd4 13.fxe5 dxe5 14.Be3 h5 15.Nf3 Bg4
16.Be2 Bxf3 17.gxf3 c5 18.Rhg1 Qa5 19.Rg2 b5 20.a3 Rab8 21.Rdg1 b4 22.Nb1 Qa4
23.Bd1 bxa3 24.Nxa3 c4 25.c3 Nb3+ 26.Bxb3 Rxb3 27.Qd1 Rfb8 28.Rc2 Bf8 29.d6 Nf6
30.Bg5 Nd7 31.Qd5 R8b7 32.Bf4 Qxa3 33.Rxg6+ Bg7 34.Rxg7+ Kxg7 35.Bxe5+ f6
36.Bxf6+ Nxf6  0-1

[Event "ch-AUS"]
[Site "Melbourne AUS"]
[Date "2002.01.02"]
[Round "5"]
[White "Wright,I"]
[Black "Jordan,Wi"]
[Result "0-1"]
[WhiteElo "2131"]
[BlackElo "2330"]

1.d4 g6 2.e4 Bg7 3.Nc3 d6 4.Be3 Nd7 5.Bc4 Ngf6 6.f3 c6 7.Qd2 d5 8.Bb3 dxe4
9.O-O-O b5 10.Bh6 Bxh6 11.Qxh6 Bb7 12.Nxe4 Qc7 13.Ng5 Nd5 14.N1h3 N7f6 15.Qg7 Rf8
16.Nxh7 Nxh7 17.Qxh7 O-O-O 18.Bxd5 Rxd5 19.Qh6 Rfd8 20.Qe3 Qd6 21.Ng5 Qf6
22.Ne4 Qe6 23.Rhe1 Rh5 24.h3 Qxa2 25.Qa3 Qxa3 26.bxa3 f6 27.Nc5 Rh7 28.Re3 Rf8
29.Rde1 Rff7 30.Kd2 Kc7 31.Kc3 Bc8 32.Kb4 Kb6 33.c4 e5 34.Kc3 Rh4 35.Re4 Rh5
36.Nb3 bxc4 37.Kxc4 Bf5 38.R4e3 Be6+ 39.Kc3 Bxb3 40.Rb1 exd4+ 41.Kxd4 c5+
42.Kc3 c4 43.f4 Rd5 44.g4 Rfd7 45.Rbe1 Rd2 46.Rc1 Kc5 47.h4 Rh2  0-1

[Event "109th ch-NZL"]
[Site "Christchurch NZL"]
[Date "2002.01.05"]
[Round "8"]
[White "Van der Hoorn,M"]
[Black "Jones,B"]
[Result "1-0"]
[WhiteElo "2120"]
[BlackElo "2223"]

1.e4 g6 2.d4 Bg7 3.Nc3 d6 4.Be3 a6 5.Qd2 Nd7 6.Nf3 b5 7.Bd3 Bb7 8.Ne2 h6
9.Ng3 e6 10.O-O Ngf6 11.a4 c6 12.e5 dxe5 13.dxe5 Ng4 14.Ne4 Ndxe5 15.Bc5 Nxf3+
16.gxf3 Qh4 17.Nd6+ Kd7 18.Qf4 Qxh2+ 19.Qxh2 Nxh2 20.Rfd1 Nxf3+ 21.Kg2 Nh4+
22.Kh3 g5 23.Nxb7 Kc7 24.Nd6 Rhd8 25.Be4 f5 26.Bh1 Ng6 27.axb5 g4+ 28.Kh2 Be5+
29.Kg1 Rxd6 30.b6+ Kd7 31.Rxd6+ Bxd6 32.Rd1 Ne5 33.Bxd6  1-0

[Event "ch-AUS"]
[Site "Melbourne AUS"]
[Date "2002.01.07"]
[Round "9"]
[White "Smerdon,D"]
[Black "Hacche,D"]
[Result "1-0"]
[WhiteElo "2326"]
[BlackElo "2218"]

1.e4 g6 2.d4 Bg7 3.Nc3 d6 4.Be3 a6 5.Qd2 Nd7 6.Nf3 b5 7.Bd3 Bb7 8.a4 b4 9.Ne2 a5
10.Ng3 h5 11.O-O h4 12.Ne2 h3 13.g3 Ndf6 14.Ng5 Nh6 15.d5 c6 16.Nd4 Bc8 17.Nxc6 Qc7
18.f3 O-O 19.c4 bxc3 20.bxc3 Nh7 21.Rab1 Kh8 22.Nxh7 Kxh7 23.Bb6 Qd7 24.Bb5 Qb7
25.Qf2 Bxc3 26.Rfc1 Bf6 27.Nxa5 Qb8 28.Nc6 Qb7 29.Na5 Qb8 30.Nc6 Qb7 31.a5 Bd7
32.Bd4 Bg5 33.Be3 Bf6 34.Qe2 e6 35.a6 Qc7 36.Qd2 Ng8 37.Ne5 Qxc1+ 38.Qxc1 Bxb5
39.Rxb5 Bxe5 40.a7 exd5 41.exd5 Ne7 42.g4 Rfc8 43.Qb1 Rc3 44.Rb8 Rxe3 45.Rxa8 Bd4
46.Rh8+ Kxh8 47.a8=Q+ Kh7 48.Kh1 Be5 49.Qf1 g5 50.Qxh3+  1-0

[Event "54th ch-YUG Youth"]
[Site "Obrenovac YUG"]
[Date "2002.01.09"]
[Round "1"]
[White "Nadjhedjesi,B"]
[Black "Popovic,Du"]
[Result "1/2-1/2"]
[WhiteElo "2272"]
[BlackElo "2394"]

1.e4 g6 2.d4 Bg7 3.Nc3 d6 4.Nf3 a6 5.Bd3 b5 6.a4 b4 7.Nd5 a5 8.c3 c6 9.Ne3 Ba6
10.O-O bxc3 11.bxc3 Nd7 12.Bxa6 Rxa6 13.Qd3  1/2-1/2

[Event "7th Hotel"]
[Site "Opatija CRO"]
[Date "2002.01.09"]
[Round "3"]
[White "Biti,O"]
[Black "Dumpor,A"]
[Result "1/2-1/2"]
[WhiteElo "2306"]
[BlackElo "2328"]

1.e4 d6 2.Nc3 g6 3.d4 Bg7 4.Be3 Nf6 5.Nf3 O-O 6.h3 c6 7.a4 Qa5 8.Nd2 Nbd7
9.Be2 Qc7 10.O-O e5 11.dxe5 Nxe5 12.f4 Ned7 13.Bf3 Re8 14.Re1 h6 15.a5 b5
16.e5 dxe5 17.Nxb5 cxb5 18.Bxa8 exf4 19.Bd4 Rd8 20.Nb3 Nf8 21.Be5 Qe7 22.Qf3 Ne6
23.Rad1 g5 24.Rxd8+ Nxd8 25.Qc3 Be6 26.Qc7 Qxc7 27.Bxc7 Bxb3 28.cxb3 Ne6
29.Bb8 a6 30.Rc1 Bf8 31.Rc8 Kg7 32.Be5 Bc5+ 33.Kf1 Kg6 34.Bxf6 Kxf6 35.Bb7 Bb4
36.Bxa6 Bxa5 37.Bxb5 Nd4 38.Bc4 Nf5 39.Rc5 Bb4 40.Rc7 Be7 41.b4 Ne3+ 42.Kf2 Bxb4
43.Bb3 Be7 44.Kf3 Nf5 45.Ba2 h5 46.Ke4 Nd6+ 47.Kd5 Nf5 48.Ke4 Nd6+ 49.Kd3 g4
50.hxg4 hxg4 51.Bd5 Bd8 52.Rd7 Be7 53.b4 Nc8 54.Rc7 Nd6 55.Bc4 f3 56.gxf3 g3
57.Ke2 Nf5 58.f4 g2 59.Kf2 Bxb4 60.Rxf7+ Kg6 61.Rc7 Nh4 62.Bd3+ Kf6 63.Rc6+ Ke7
64.f5 Be1+ 65.Kg1 Bd2 66.Re6+ Kf8 67.Re4 Nxf5 68.Kxg2 Ne7 69.Bc4 Bh6 70.Kf3 Bg5
71.Kg4 Bf6 72.Kh5 Kg7 73.Rg4+ Kf8 74.Be6 Nc6 75.Ba2 Ne5 76.Rf4 Ke7 77.Rf5 Nd7
78.Kg4 Kd6 79.Kf3 Be5 80.Rh5 Nf6 81.Rh8 Ke7 82.Ra8 Kd6 83.Ra6+ Kc5 84.Ke3 Bd6
85.Kd3 Be5 86.Ra5+ Kd6 87.Bf7 Bb2 88.Kc4 Nd7 89.Ra6+ Ke7 90.Be6 Nf6 91.Rb6 Ba1
92.Bf5 Ne8 93.Kc5 Ng7 94.Bg4 Bc3 95.Kd5 Ba1 96.Ra6 Bb2 97.Ra2 Bc3 98.Rf2 Ba1
99.Rf1 Bb2 100.Rb1 Bc3 101.Rb3 Ba1 102.Rb7+ Kf6 103.Kc4  1/2-1/2

[Event "TCh-CZE 2001-2"]
[Site "CZE"]
[Date "2002.01.13"]
[Round "7"]
[White "Biolek,R"]
[Black "Tibensky,R"]
[Result "0-1"]
[WhiteElo "2422"]
[BlackElo "2442"]

1.e4 g6 2.d4 Bg7 3.Nc3 d6 4.Be3 c6 5.Qd2 b5 6.Bd3 a6 7.h4 h5 8.Nh3 Bxh3 9.Rxh3 Nd7
10.f3 Ngf6 11.Ne2 e5 12.c3 O-O 13.Bh6 Re8 14.Bxg7 Kxg7 15.O-O-O c5 16.d5 c4
17.Bc2 a5 18.Rf1 Nc5 19.Ng3 b4 20.f4 b3 21.axb3 cxb3 22.Bb1 a4 23.f5 Nh7
24.Kd1 a3 25.bxa3 Rxa3 26.Ke2 Ra7 27.Qe3 Kh8 28.Nh1 Qb6 29.fxg6 fxg6 30.Rhf3 Ra2+
31.Bxa2 bxa2 32.Rf7 Qb5+  0-1